| 000 | 00491nam a2200181Ia 4500 | ||
|---|---|---|---|
| 001 | 14295 | ||
| 005 | 20260306164903.0 | ||
| 008 | 260306t1998||||xx |||||||||||||| ||spa|| | ||
| 041 | _aESP | ||
| 082 |
_a511.3 _bG81 |
||
| 100 |
_aGrimaldi, Ralph P. _eAUT |
||
| 245 | 0 |
_aMatemáticas discreta y combinatoria: _buna introducción con aplicaciones |
|
| 260 | _c1998 | ||
| 300 |
_axii. : 874 páginas :, A37, S96, I17 _c24 cm. |
||
| 650 | _aGEN | ||
| 654 | _aCMA | ||
| 942 |
_cLIB _dJUS _fJUS _2ddc _n |
||
| 999 |
_c14295 _d14295 |
||